UBT Library

The emergence of bacterial genetics / (Record no. 47080)

000 -LEADER
fixed length control field 00618pam a2200229 a 4500
001 - CONTROL NUMBER
control field 579091
005 - DATE AND TIME OF LATEST TRANSACTION
control field 20180814041559.0
008 - FIXED-LENGTH DATA ELEMENTS--GENERAL INFORMATION
fixed length control field 900406s1990 nyua b 001 0 eng
010 ## - LIBRARY OF CONGRESS CONTROL NUMBER
LC control number 90001828
020 ## - INTERNATIONAL STANDARD BOOK NUMBER
International Standard Book Number 0879693509
040 ## - CATALOGING SOURCE
Original cataloging agency DLC
Transcribing agency DLC
Modifying agency DLC
041 ## - LANGUAGE CODE
Language code of text/sound track or separate title eng
080 ## - UNIVERSAL DECIMAL CLASSIFICATION NUMBER
Universal Decimal Classification number 589.9015
082 00 - DEWEY DECIMAL CLASSIFICATION NUMBER
Classification number 589.9015
Edition number 20
100 1# - Rafti
Rafti 6
101 ## - Shkurtesa
Shkurtesa gen
245 14 - TITLE STATEMENT
Title The emergence of bacterial genetics /
Statement of responsibility, etc by Thomas D. Brock.
504 ## - BIBLIOGRAPHY, ETC. NOTE
Bibliography, etc Includes bibliographical references.
906 ## - LOCAL DATA ELEMENT F, LDF (RLIN)
a 7
b cbc
c orignew
d 1
e ocip
f 19
g y-gencatlg
942 ## - ADDED ENTRY ELEMENTS (KOHA)
Source of classification or shelving scheme
Item type Books
Holdings
Withdrawn status Lost status Source of classification or shelving scheme Damaged status Not for loan Collection code Permanent location Current location Shelving location Date acquired Total Checkouts Full call number Barcode Date last seen Price effective from Koha item type
          Koleksioni i përgjithshem UBT - Lipjan UBT - Lipjan Koleksioni i përgjithshem 08/14/2018   589.9015 bro 002-3011004 08/14/2018 08/14/2018 Books
UBT Library © 2015-2024. All rights reserved University Education for Business and Technology